Текст томруулах:    
Competition policy, deregulation, and modernization in Latin America (Бичлэгийн дугаар. 145935)
000 -УДИРДЛАГА
Удирдлага 01488nam a22002777a 4500
003 - ХЯНАЛТЫН ТОО ТОДОРХОЙЛОГЧ
Код MN-UlNUM
005 - БИЧИЛТ ХИЙСЭН ОГНОО
Тухайн бичилтийг бичсэн засварласан сүүлийн огноо 20251215100308.0
008 - ЕРӨНХИЙ МЭДЭЭЛЭЛ
Ерөнхий мэдээлэл 251215s1999 coua b 001 0 eng
020 ## - ISBN
ISBN 1555878180
-- 1555878184
040 ## - БИЧЛЭГ ҮҮСГЭГЧ БАЙГУУЛЛАГА
Бичлэг үүсгэгч номын сангийн код МУИС-ийн номын сан
084 ## - ББК АНГИЛАЛ
Нэмэлт тусгалт Нэг сэдэвт бүтээл
ББК ангилал 65.9(70)
Мэдлэгийн ялгаа 65 - Эдийн засаг
Зохиогчийн гурван тэмдэгт C 73
245 ## - ҮНДСЭН ГАРЧИГ
Номын нэр Competition policy, deregulation, and modernization in Latin America
Оролцогчдын тухай мэдээ edited by Moisés Naím, Joseph S. Tulchin
260 ## - ГАРАЛТЫН МЭДЭЭ
Хэвлэгдсэн газар Boulder, Colo
Хэвлэлийн газар L. Rienner
Хэвлэгдсэн он 1999
300 ## - МАТЕРИАЛЫН ТОДОРХОЙЛОЛТ
хуудасны тоо viii, 293 p. :
Бусад тоон мэдээлэл ill. ;
Хэмжээ 24 cm
500 ## - Тайлбар
Дансны дугаар БС 4366
505 ## - Агуулгын тэмдэглэгээ
Агуулгын тэмдэглэгээ Contains 12 contributions addressing recent reforms in the restriction of anti-competitive practices in Latin America. Chapters address the development of competition policy in Latin America; present case studies from Argentina, Chile, Venezuela, Mexico, and Columbia; and discuss aspects of competition policy on the global level, including antitrust experience in the US, European Economic Community competition policy, and competition policies among Mercosur countries. Contributors include specialists in international finance and trade, investment bankers, policymakers, economists with the World Bank, professors of business and government, and others.
546 ## - ХЭЛНИЙ ТУХАЙ МЭДЭЭ
Хэл Англи хэл дээр,
653 ## - Түлхүүр үг
Түлхүүр үг competition
653 ## - Түлхүүр үг
Түлхүүр үг Latin America
653 ## - Түлхүүр үг
Түлхүүр үг economic policy
700 ## - ХАМ ЗОХИОГЧИД
Ба бус Moisés Naím
700 ## - ХАМ ЗОХИОГЧИД
Ба бус Joseph S. Tulchin
942 ## - ЭЛЕМЕНТИЙН ТӨРӨЛ
Зүйлийн төрөл Ном